Library Logo

Pioneer International University Library Catalogue

The ten shillings and other stories : (Record no. 9496)

MARC details
000 -LEADER
fixed length control field 00809cam a22002417a 4500
001 - CONTROL NUMBER
control field 14995274
003 - CONTROL NUMBER IDENTIFIER
control field OSt
005 - DATE AND TIME OF LATEST TRANSACTION
control field 20250901165816.0
008 - FIXED-LENGTH DATA ELEMENTS--GENERAL INFORMATION
fixed length control field 070906s2007 ke a b 000 0 eng
010 ## - LIBRARY OF CONGRESS CONTROL NUMBER
LC control number 2007381274
020 ## - INTERNATIONAL STANDARD BOOK NUMBER
International Standard Book Number 9966342621
040 ## - CATALOGING SOURCE
Original cataloging agency DLC
Transcribing agency DLC
042 ## - AUTHENTICATION CODE
Authentication code lcode
050 00 - LIBRARY OF CONGRESS CALL NUMBER
Classification number PL 8010 .C44 2008
245 04 - TITLE STATEMENT
Title The ten shillings and other stories :
Remainder of title an anthology of short stories from all over Africa /
Statement of responsibility, etc. selection by Githiora Chege ; introduction by Samuel Ng'anga.
260 ## - PUBLICATION, DISTRIBUTION, ETC.
Place of publication, distribution, etc. Nairobi :
Name of publisher, distributor, etc. Macmillan Kenya,
Date of publication, distribution, etc. 2007.
300 ## - PHYSICAL DESCRIPTION
Extent iv, 160 p. :
Other physical details ill. ;
Dimensions 24 cm.
504 ## - BIBLIOGRAPHY, ETC. NOTE
Bibliography, etc. note Includes bibliographical references (p. 8).
700 0# - ADDED ENTRY--PERSONAL NAME
Personal name Githiora, Chege J.
906 ## - LOCAL DATA ELEMENT F, LDF (RLIN)
a 7
b cbc
c origode
d 4
e ncip
f 20
g y-gencatlg
942 ## - ADDED ENTRY ELEMENTS (KOHA)
Source of classification or shelving scheme Library of Congress Classification
Koha item type Books
Holdings
Withdrawn status Lost status Source of classification or shelving scheme Damaged status Not for loan Collection Home library Current library Shelving location Date acquired Source of acquisition Total checkouts Full call number Barcode Date last seen Copy number Price effective from Koha item type
    Library of Congress Classification       Main Library Main Library   03/21/2025 Donation from KICD   PL 8010 .C44 2008 PIUD0000385 03/28/2025 1 03/28/2025 Books